[Event "SK Werther 1 - Schach Nienberge 1"]
[Site "NRW-Klasse - Gruppe 1 2019/20"]
[Date "2019.11.03"]
[Round "3.1"]
[White "Mikeladze, Berdia"]
[Black "Freiberger, Jonas"]
[Result "1/2-1/2"]
[WhiteElo "2450"]
[BlackElo "2177"]
[Annotator "Doe,John"]
[PlyCount "145"]
[EventDate "2019.??.??"]
[SourceVersionDate "2020.03.16"]
[WhiteTeam "Schach Nienberge 1"]
[BlackTeam "SK Werther 1"]

{0-0} 1. Nf3 f5 2. Nc3 Nf6 3. d4 d5 4. Bg5 e6 5. g4 fxg4 6. Ne5 Be7 7. h3 g3 8.
fxg3 Nbd7 9. e3 Nxe5 10. dxe5 Nd7 11. Bf4 O-O 12. Qg4 c6 13. O-O-O Kh8 14. h4
a5 15. Bd3 Nc5 16. Bg5 Nxd3+ 17. cxd3 Bd7 18. Rdf1 Rxf1+ 19. Rxf1 Bxg5 20. hxg5
Qe7 21. d4 Be8 22. a3 Bg6 23. Na4 Kg8 24. Kd2 Re8 25. Nc3 b5 26. Ne2 a4 27. Nf4
Bf5 28. Qh4 b4 29. g6 Qxh4 30. gxh4 bxa3 31. gxh7+ Kxh7 32. bxa3 Rb8 33. Rc1
Rb2+ 34. Ke1 Rb3 35. Kd2 Rxa3 36. Rxc6 Ra2+ 37. Kd1 a3 38. Ra6 Kg8 39. Ke1 Kf7
40. Ra7+ Ke8 41. h5 Kd8 42. Ra6 Kc8 43. Ra7 Kb8 44. Ra6 Kb7 45. Ra5 Kb6 46. Ra8
Kb5 47. Ra7 Ra1+ 48. Kd2 Kc4 49. Rc7+ Kb5 50. Ra7 a2 51. Ne2 Kb6 52. Ra3 Bg4
53. Nc1 {(=)} Bxh5 54. Rxa2 Rxa2+ 55. Nxa2 Kb5 56. Nc1 Kc4 57. Nd3 g5 58. Nc5
Bg4 59. Nb7 Kb3 60. Nd8 Bf5 61. Ke2 Kc3 62. Nf7 g4 63. Nh6 Bg6 64. Nxg4 Bh5 65.
Kf3 Kd3 66. Kf4 Bxg4 67. Kxg4 Kxe3 68. Kg5 Kxd4 69. Kf6 Kc5 70. Kxe6 d4 71. Kf7
d3 72. e6 d2 73. e7 1/2-1/2

[Event "SK Werther 1 - Schach Nienberge 1"]
[Site "NRW-Klasse - Gruppe 1 2019/20"]
[Date "2019.11.03"]
[Round "3.2"]
[White "Suchland, Marko"]
[Black "Remmeke, Hans"]
[Result "1/2-1/2"]
[WhiteElo "2167"]
[BlackElo "2110"]
[Annotator "Doe,John"]
[PlyCount "115"]
[EventDate "2019.??.??"]
[SourceVersionDate "2020.03.16"]
[WhiteTeam "SK Werther 1"]
[BlackTeam "Schach Nienberge 1"]

1. e4 c6 2. d4 d5 3. exd5 cxd5 4. Bf4 Nf6 5. c3 e6 6. Nd2 Be7 7. Bd3 O-O 8.
Ngf3 b6 9. Ne5 Ba6 10. Bxa6 Nxa6 11. Nc6 Qd7 12. Nxe7+ Qxe7 13. Qe2 Qb7 14. a4
Nb8 15. O-O Nc6 16. Rfe1 Rfe8 17. Qf3 Ne7 18. Bg5 Nd7 {(=)} 19. Qg4 Nf5 20. Nf1
Nf8 21. h4 h6 22. Bf4 Ng6 23. g3 Nxf4 24. Qxf4 b5 25. axb5 Qxb5 26. Ra2 a5 27.
Rea1 Rab8 28. Rb1 Qd3 29. Qc1 Rb5 30. Qd1 Qxd1 31. Rxd1 Reb8 32. Rd2 Rb3 33.
Rc2 a4 34. Nd2 R3b7 35. Nf3 Ra7 36. Ne5 Rc8 37. Nf3 Nd6 38. Ne5 Nb5 39. Rd2 a3
40. bxa3 Rxa3 41. Rxa3 Nxa3 42. Rb2 Nc4 43. Nxc4 Rxc4 44. Rb3 h5 45. Kf1 Ra4
46. Ke2 Ra2+ 47. Ke3 g6 48. f4 {(=)} Ra7 49. Rb8+ Kg7 50. Rc8 Kf6 51. Kf3 Kf5
52. Rc5 Ra3 53. Rc7 f6 54. Rc6 Rb3 55. Rc8 Rb2 56. Rc6 Rc2 57. Rc8 Rc1 58. Rc6
1/2-1/2

[Event "SK Werther 1 - Schach Nienberge 1"]
[Site "NRW-Klasse - Gruppe 1 2019/20"]
[Date "2019.11.03"]
[Round "3.3"]
[White "Gottkehaskamp, Philipp"]
[Black "Goecke, Karl Ulrich"]
[Result "1-0"]
[WhiteElo "2071"]
[BlackElo "2117"]
[Annotator "Doe,John"]
[PlyCount "91"]
[EventDate "2019.??.??"]
[SourceVersionDate "2020.03.16"]
[WhiteTeam "Schach Nienberge 1"]
[BlackTeam "SK Werther 1"]

1. e4 e6 2. d3 d5 3. Qe2 Ne7 4. Nf3 c5 5. g3 Nbc6 6. Bg2 g6 7. O-O Bg7 8. h4 h6
9. c3 b6 10. e5 Qc7 11. Re1 Ba6 12. Bf4 g5 13. hxg5 Ng6 14. Qe3 Nxf4 15. gxf4
Ne7 16. d4 Nf5 17. Qd2 hxg5 18. fxg5 Bf8 19. a4 Be7 20. Nh2 Kd7 21. dxc5 bxc5
22. f4 Rxh2 23. Kxh2 Rh8+ 24. Bh3 Bb7 25. c4 d4 26. Ra3 Qc6 27. Qf2 Ne3 28.
Raxe3 dxe3 29. Qg3 Qe4 30. Nc3 Qc2+ 31. Re2 Qf5 32. Rxe3 a6 33. Kg1 Rxh3 34.
Qxh3 Qxf4 35. Qg3 Qxc4 36. Rd3+ Kc7 37. Rd2 Bc6 38. Rf2 Qd4 39. Qf4 Be8 40. Qg3
c4 41. Kf1 Bc5 42. Rf4 Qxe5 43. Rxf7+ Kd6 44. Ne4+ Kd5 45. Nf6+ Kd4 46. Qc3#
1-0

[Event "SK Werther 1 - Schach Nienberge 1"]
[Site "NRW-Klasse - Gruppe 1 2019/20"]
[Date "2019.11.03"]
[Round "3.4"]
[White "Ortpaul, Mario"]
[Black "Emiroglu, Murat"]
[Result "0-1"]
[WhiteElo "1885"]
[BlackElo "2156"]
[PlyCount "34"]
[EventDate "2019.??.??"]
[SourceVersionDate "2020.03.16"]
[WhiteTeam "SK Werther 1"]
[BlackTeam "Schach Nienberge 1"]

1. e4 d5 2. exd5 Qxd5 3. Nc3 Qa5 4. d4 c6 5. Nf3 Bg4 6. Be2 e6 7. O-O Nf6 8.
Ne5 Bxe2 9. Qxe2 Be7 10. Nc4 Qc7 11. Bg5 Nbd7 12. Rad1 Nb6 13. Ne5 O-O 14. Rd3
Nbd5 15. Rh3 g6 16. Qd2 Nxc3 17. bxc3 Ne4 0-1

[Event "SK Werther 1 - Schach Nienberge 1"]
[Site "NRW-Klasse - Gruppe 1 2019/20"]
[Date "2019.11.03"]
[Round "3.5"]
[White "Ringwelski, Marius"]
[Black "Hufendiek, Ekkehard"]
[Result "1-0"]
[WhiteElo "1989"]
[BlackElo "1884"]
[Annotator "Doe,John"]
[PlyCount "75"]
[EventDate "2019.??.??"]
[SourceVersionDate "2020.03.16"]
[WhiteTeam "Schach Nienberge 1"]
[BlackTeam "SK Werther 1"]

{0-0} 1. c4 e5 2. Nc3 Nc6 3. Nf3 Nf6 4. e3 Bb4 5. Qc2 O-O 6. Nd5 Re8 7. Ng5 g6
8. h4 Bf8 9. a3 h6 10. Nxf6+ Qxf6 11. Ne4 Qe7 12. Nc3 d6 13. Nd5 Qd8 14. h5 g5
15. Bd3 Bg7 16. Rb1 Ne7 17. b4 c6 18. Nxe7+ Qxe7 19. Bh7+ Kh8 20. Bf5 d5 21.
O-O Bxf5 22. Qxf5 dxc4 23. b5 Qc7 24. bxc6 Qxc6 25. Qxf7 b6 26. Bb2 Rf8 27. Qe7
Bf6 28. Bxe5 Rae8 29. Bxf6+ Rxf6 30. Qxa7 Ra8 31. Qe7 Re6 32. Qb4 Ra4 33. Qf8+
Kh7 34. f4 Rf6 35. Qe7+ Kg8 36. fxg5 Rxf1+ 37. Rxf1 Qa8 38. g6 1-0

[Event "SK Werther 1 - Schach Nienberge 1"]
[Site "NRW-Klasse - Gruppe 1 2019/20"]
[Date "2019.11.03"]
[Round "3.6"]
[White "Neumann, Marius"]
[Black "Gottkehaskamp, Stefan"]
[Result "1-0"]
[WhiteElo "1836"]
[BlackElo "2043"]
[Annotator "Doe,John"]
[PlyCount "77"]
[EventDate "2019.??.??"]
[SourceVersionDate "2020.03.16"]
[WhiteTeam "SK Werther 1"]
[BlackTeam "Schach Nienberge 1"]

1. f4 d5 2. Nf3 g6 3. e3 Bg7 4. Be2 Nf6 5. O-O O-O 6. d3 c5 7. Qe1 Nc6 8. Nbd2
b5 9. Qh4 e6 10. e4 h6 11. g4 dxe4 12. dxe4 Nd4 13. Nxd4 Qxd4+ 14. Qf2 Qxf2+
15. Rxf2 Bb7 16. e5 Nd5 17. Ne4 c4 18. Nd6 Bc6 19. b3 cxb3 20. axb3 Nc3 21. Bd3
f6 22. Ra6 Bd5 23. Nxb5 Nxb5 24. Bxb5 fxe5 25. c4 Bb7 26. Rxe6 Rad8 27. Rxg6
Rd1+ 28. Rf1 Rxf1+ 29. Kxf1 Be4 30. f5 Kh7 31. Re6 Bf3 32. h3 h5 33. Ba3 Rd8
34. g5 e4 35. f6 Bf8 36. Bxf8 Rxf8 37. Be8 Bd1 38. g6+ Kg8 39. g7 1-0

[Event "SK Werther 1 - Schach Nienberge 1"]
[Site "NRW-Klasse - Gruppe 1 2019/20"]
[Date "2019.11.03"]
[Round "3.7"]
[White "Kemper, Georg"]
[Black "Henkemeier, Markus"]
[Result "0-1"]
[WhiteElo "1985"]
[BlackElo "2008"]
[Annotator "Doe,John"]
[PlyCount "74"]
[EventDate "2019.??.??"]
[SourceVersionDate "2020.03.16"]
[WhiteTeam "Schach Nienberge 1"]
[BlackTeam "SK Werther 1"]

1. d4 c6 2. c4 d5 3. Nf3 Nf6 4. Qb3 dxc4 5. Qxc4 Bf5 6. g3 Nbd7 7. Bg2 e6 8.
O-O Be7 9. Nc3 O-O 10. Re1 Ne4 11. Bf4 a5 12. Ne5 Ndf6 13. Rad1 a4 14. f3 Nd6
15. Qb4 Nfe8 16. Nb1 f6 17. Ng4 Bxb1 18. Rxb1 Nb5 19. Qd2 Qxd4+ 20. Qxd4 Nxd4
21. Kf1 e5 22. Bc1 Nc7 23. a3 Rfd8 24. e3 Nb3 25. Ke2 Nb5 26. f4 exf4 27. gxf4
Bxa3 28. Be4 Be7 29. Bd3 Nd6 30. Rg1 Kh8 31. e4 Nc5 32. Bc2 Ndxe4 33. Ne3 Nd6
34. h4 Ne6 35. Kf2 Nxf4 36. Rg4 Ne6 37. Bd2 f5 0-1

[Event "SK Werther 1 - Schach Nienberge 1"]
[Site "NRW-Klasse - Gruppe 1 2019/20"]
[Date "2019.11.03"]
[Round "3.8"]
[White "Henkemeier, Michael"]
[Black "Keller, Dirk"]
[Result "1-0"]
[WhiteElo "1860"]
[BlackElo "1926"]
[Annotator "Doe,John"]
[PlyCount "78"]
[EventDate "2019.??.??"]
[SourceVersionDate "2020.03.16"]
[WhiteTeam "SK Werther 1"]
[BlackTeam "Schach Nienberge 1"]

{0-0} 1. Nf3 Nf6 2. g3 d5 3. Bg2 Bg4 4. d3 Nbd7 5. Nbd2 c6 6. h3 Bxf3 7. Nxf3
e6 8. O-O Bc5 9. Bf4 O-O 10. c4 Nh5 11. Kh2 Nxf4 12. gxf4 Qf6 13. e3 d4 14. Qe2
h6 15. Nd2 dxe3 16. fxe3 Qxb2 17. Rfb1 Qc2 18. d4 Bb6 19. Be4 Qc3 20. Rc1 Qa5
21. c5 Bd8 22. Qg2 Bf6 23. Nc4 Qc7 24. Nd6 Rab8 25. Bd3 Rfd8 26. Ne4 Be7 27.
Rg1 Bf8 28. Qf3 e5 {(=)} 29. fxe5 Nxe5 30. Qg3 Nf3+ 31. Kh1 Qxg3 32. Rxg3 Ne5
33. Bc2 Nd7 34. Rf1 Be7 35. Bb3 Nf6 36. Nxf6+ Kf8 37. Nh7+ Ke8 38. Rxf7 Rd7 39.
Rgxg7 Rbd8 1-0

[Event "SK Münster 2 - zweihochsechs Bielefeld"]
[Site "NRW-Klasse - Gruppe 1 2019/20"]
[Date "2020.01.12"]
[Round "5.1"]
[White "Fuhlrott, Tim"]
[Black "Ortmeier, Leonhard"]
[Result "0-1"]
[WhiteElo "2053"]
[BlackElo "2223"]
[PlyCount "60"]
[EventDate "2020.??.??"]
[SourceVersionDate "2020.03.16"]
[WhiteTeam "zweihochsechs Bielefeld 1"]
[BlackTeam "SK Münster 2"]

1. e4 c5 2. Nf3 d6 3. d4 cxd4 4. Nxd4 Nf6 5. Nc3 a6 6. f3 e5 7. Nb3 Be7 8. Be3
Be6 9. Qd2 O-O 10. O-O-O a5 11. a4 Nc6 12. g4 Nb4 13. Kb1 Rc8 14. g5 Nd7 15.
Rg1 Nb6 16. Qf2 Nxa4 17. Nxa4 Rxc2 18. Qxc2 Nxc2 19. Kxc2 Qc7+ 20. Nc3 b5 21.
Bxb5 Rb8 22. Ba4 Rb4 23. Ra1 d5 24. exd5 Bf5+ 25. Kc1 Qc4 26. Re1 Rxa4 27. Rxa4
Qxb3 28. Re2 Bb4 29. Ra2 Bxc3 30. bxc3 Qb1+ 0-1

[Event "SK Münster 2 - zweihochsechs Bielefeld"]
[Site "NRW-Klasse - Gruppe 1 2019/20"]
[Date "2020.01.12"]
[Round "5.2"]
[White "Borrink, Joern"]
[Black "Ruecker, Bastian"]
[Result "1-0"]
[WhiteElo "2144"]
[BlackElo "2064"]
[PlyCount "95"]
[EventDate "2020.??.??"]
[SourceVersionDate "2020.03.16"]
[WhiteTeam "SK Münster 2"]
[BlackTeam "zweihochsechs Bielefeld 1"]

1. e4 Nf6 2. e5 Nd5 3. d4 e6 4. Nf3 d6 5. c4 Nb6 6. exd6 cxd6 7. Nc3 Be7 8. Be3
O-O 9. Be2 f5 10. Qd2 N8d7 11. Rd1 Nf6 12. d5 e5 13. Nxe5 Ne4 14. Nxe4 fxe4 15.
c5 dxc5 16. d6 Bf6 17. Bc4+ Nxc4 18. Qd5+ Kh8 19. Nxc4 Bg4 20. Rd2 Qd7 21. O-O
Rae8 22. Qxc5 Rc8 23. Qb4 Qf7 24. b3 Qg6 25. Bf4 Bg5 26. Ne5 Qf5 27. Bxg5 Qxe5
28. Be7 e3 29. Qxg4 exd2 30. d7 Rcd8 31. Bxf8 Rxf8 32. Qb4 Rd8 33. Qxd2 h6 34.
Rd1 a5 35. h3 Qe7 36. Qd5 b6 37. Qb5 Qe6 38. Qd3 Qe7 39. g3 Qe6 40. Kh2 Qe7 41.
Qd5 Qe2 42. Rd2 Qe1 43. Qd6 b5 44. Rc2 a4 45. bxa4 bxa4 46. Qd4 a3 47. Rc8 Qe7
48. Qb6 1-0

[Event "SK Münster 2 - zweihochsechs Bielefeld"]
[Site "NRW-Klasse - Gruppe 1 2019/20"]
[Date "2020.01.12"]
[Round "5.3"]
[White "Stukenbrok, Nils"]
[Black "Virnyi, Julius"]
[Result "1/2-1/2"]
[WhiteElo "2011"]
[BlackElo "2041"]
[PlyCount "59"]
[EventDate "2020.??.??"]
[SourceVersionDate "2020.03.16"]
[WhiteTeam "zweihochsechs Bielefeld 1"]
[BlackTeam "SK Münster 2"]

1. d4 Nf6 2. c4 e6 3. g3 Bb4+ 4. Bd2 Qe7 5. Bg2 Nc6 6. Nf3 Bxd2+ 7. Nbxd2 a5 8.
O-O d6 9. e4 e5 10. d5 Nb8 11. Ne1 h5 12. Nd3 h4 13. a3 hxg3 14. hxg3 Ng4 15.
Re1 Qg5 16. Nf1 Qh6 17. f3 Nf6 18. c5 O-O 19. Ne3 Qg5 20. cxd6 cxd6 21. g4 b5
22. Kf2 Na6 23. b4 Bd7 24. Rh1 Rfc8 25. Rc1 a4 26. Qe2 g6 27. Rxc8+ Rxc8 28.
Rc1 Rxc1 29. Nxc1 Ne8 30. Nd3 1/2-1/2

[Event "SK Münster 2 - zweihochsechs Bielefeld"]
[Site "NRW-Klasse - Gruppe 1 2019/20"]
[Date "2020.01.12"]
[Round "5.4"]
[White "Kamp, Aaron"]
[Black "Guthier, Max"]
[Result "0-1"]
[WhiteElo "1816"]
[BlackElo "2009"]
[PlyCount "120"]
[EventDate "2020.??.??"]
[SourceVersionDate "2020.03.16"]
[WhiteTeam "SK Münster 2"]
[BlackTeam "zweihochsechs Bielefeld 1"]

1. e4 c5 2. d4 cxd4 3. c3 Nf6 4. e5 Nd5 5. Nf3 e6 6. cxd4 d6 7. Bc4 Nc6 8. O-O
Nb6 9. Bb3 dxe5 10. dxe5 Qxd1 11. Rxd1 Be7 12. Nc3 O-O 13. Be3 Nd7 14. Nb5 Bd8
15. Rac1 Bb6 16. Nd6 Bxe3 17. fxe3 Ndxe5 18. Nxe5 Nxe5 19. Rc7 a5 20. Ba4 b6
21. Be8 Ba6 22. Re7 Rd8 23. Rd4 Bc4 24. Nxc4 Rxd4 25. Nxe5 Rd1+ 26. Kf2 f6 27.
Nd7 Rxe8 28. Rxe8+ Kf7 29. Rb8 Rxd7 30. Rxb6 Rd2+ 31. Kf3 f5 32. a4 Kf6 33. b3
g5 34. Rb5 g4+ 35. Kg3 Rb2 36. h3 h5 37. hxg4 hxg4 38. Rxa5 Rxb3 39. Kf2 Rb2+
40. Kg3 Re2 41. Ra8 Rxe3+ 42. Kf4 Re4+ 43. Kg3 Rc4 44. a5 Ra4 45. a6 Ke5 46. a7
Ra3+ 47. Kf2 g3+ 48. Ke2 f4 49. Kf1 Ra2 50. Ke1 Ke4 51. Re8 Rxa7 52. Rxe6+ Kf5
53. Re8 Ra4 54. Ke2 Re4+ 55. Rxe4 Kxe4 56. Kf1 Kd3 57. Ke1 Ke3 58. Kf1 Kd2 59.
Kg1 Ke2 60. Kh1 f3 0-1

[Event "SK Münster 2 - zweihochsechs Bielefeld"]
[Site "NRW-Klasse - Gruppe 1 2019/20"]
[Date "2020.01.12"]
[Round "5.5"]
[White "Spisla, Dominik"]
[Black "Kamp, Adrian"]
[Result "1/2-1/2"]
[WhiteElo "1976"]
[BlackElo "1973"]
[PlyCount "85"]
[EventDate "2020.??.??"]
[SourceVersionDate "2020.03.16"]
[WhiteTeam "zweihochsechs Bielefeld 1"]
[BlackTeam "SK Münster 2"]

1. e4 c5 2. Nf3 d6 3. d4 cxd4 4. Nxd4 Nf6 5. Nc3 g6 6. Be3 Bg7 7. f3 O-O 8. Qd2
Nc6 9. O-O-O d5 10. Qe1 e5 11. Nxc6 bxc6 12. exd5 cxd5 13. Bg5 Be6 14. Bc4 Qc7
15. Bxf6 dxc4 16. Bxg7 Kxg7 17. h4 Rab8 18. h5 Qb6 19. Na4 Qb5 20. hxg6 hxg6
21. Qe3 Rh8 22. Rxh8 Rxh8 23. Nc5 Kf6 24. Ne4+ Kg7 25. Qg5 Rb8 26. Qf6+ Kg8 27.
Rd8+ Rxd8 28. Qxd8+ Kg7 29. Qf6+ Kg8 30. Qd8+ Kg7 31. c3 Qd5 32. Nd6 Qd3 33.
Ne8+ Kf8 34. Qxd3 cxd3 35. Nf6 Ke7 36. Ne4 f5 37. Nf2 Bxa2 38. Kd2 Kd6 39. Nxd3
Bc4 40. f4 exf4 41. Nxf4 g5 42. Nh3 Bf1 43. Nxg5 1/2-1/2

[Event "SK Münster 2 - zweihochsechs Bielefeld"]
[Site "NRW-Klasse - Gruppe 1 2019/20"]
[Date "2020.01.12"]
[Round "5.6"]
[White "Kubo, Thomas"]
[Black "Klein, Lukas"]
[Result "0-1"]
[WhiteElo "1985"]
[BlackElo "1941"]
[PlyCount "106"]
[EventDate "2020.??.??"]
[SourceVersionDate "2020.03.16"]
[WhiteTeam "SK Münster 2"]
[BlackTeam "zweihochsechs Bielefeld 1"]

1. Nf3 Nf6 2. c4 e6 3. d4 Bb4+ 4. Nbd2 b6 5. g3 Bb7 6. Bg2 O-O 7. O-O d5 8.
cxd5 exd5 9. Qc2 Nbd7 10. a3 Bd6 11. Nb3 Re8 12. Bf4 Ne4 13. Rac1 Rc8 14. Rfd1
Ndf6 15. Bh3 Rb8 16. Be5 Bc8 17. Bxc8 Rxc8 18. h3 Nd7 19. Bxd6 Nxd6 20. e3 Qf6
21. Nbd2 c6 22. Qa4 b5 23. Qxa7 Qe6 24. Ne5 Nxe5 25. dxe5 Qxe5 26. Qd4 Qxd4 27.
exd4 Nc4 28. Nxc4 bxc4 29. Re1 Kf8 30. Kf1 Rb8 31. Rc2 Re6 32. Rxe6 fxe6 33.
Ke2 Ke7 34. Kd2 Kd6 35. Kc1 c5 36. dxc5+ Kxc5 37. Re2 Kd6 38. Kc2 e5 39. Re3
Rf8 40. f4 e4 41. b4 cxb3+ 42. Rxb3 d4 43. Rb7 Rc8+ 44. Kd1 Rc3 45. Rxg7 Rxa3
46. f5 Rf3 47. g4 d3 48. Rxh7 e3 49. Rh6+ Kd5 50. Kc1 Rf1+ 51. Kb2 d2 52. Rh8
d1=Q 53. Rd8+ Ke5 0-1

[Event "SK Münster 2 - zweihochsechs Bielefeld"]
[Site "NRW-Klasse - Gruppe 1 2019/20"]
[Date "2020.01.12"]
[Round "5.7"]
[White "Homfeldt, Christopher"]
[Black "Schroeder, Lennart"]
[Result "0-1"]
[WhiteElo "1767"]
[BlackElo "1896"]
[Annotator "Daniel"]
[PlyCount "78"]
[EventDate "2020.??.??"]
[SourceVersionDate "2020.03.16"]
[WhiteTeam "zweihochsechs Bielefeld 1"]
[BlackTeam "SK Münster 2"]

1. Nf3 c5 2. e4 d6 3. d4 cxd4 4. Nxd4 Nf6 5. Nc3 g6 6. Be3 Bg7 7. f3 O-O 8. Qd2
Nc6 9. O-O-O d5 10. exd5 Nxd5 11. Nxc6 bxc6 12. Bd4 Bxd4 13. Qxd4 Qb6 14. Na4
Qa5 15. a3 e5 16. Qh4 Bf5 17. Bd3 e4 18. g4 Be6 19. fxe4 Ne3 20. Qe1 Qxe1 21.
Rdxe1 Nxg4 22. Nc5 Rfe8 23. Nxe6 Rxe6 24. Bc4 Re7 25. Re2 Kg7 26. h3 Ne5 27.
Bb3 $11 Rae8 28. Rf2 h5 29. Rhf1 Rd8 30. Rd1 Red7 31. Rfd2 Rxd2 32. Rxd2 Rxd2
33. Kxd2 Kf6 34. Ke3 Kg5 35. Kd4 f6 36. Be6 Kf4 37. Bd5 g5 38. Be6 g4 39. hxg4
h4 0-1

[Event "SK Münster 2 - zweihochsechs Bielefeld"]
[Site "NRW-Klasse - Gruppe 1 2019/20"]
[Date "2020.01.12"]
[Round "5.8"]
[White "Toval, David"]
[Black "Gefnider, Andreas"]
[Result "1/2-1/2"]
[WhiteElo "1851"]
[BlackElo "1774"]
[PlyCount "72"]
[EventDate "2020.??.??"]
[SourceVersionDate "2020.03.16"]
[WhiteTeam "SK Münster 2"]
[BlackTeam "zweihochsechs Bielefeld 1"]

1. e4 e5 2. Nf3 Nc6 3. Bb5 d6 4. d4 exd4 5. Nxd4 Bd7 6. Nc3 Nf6 7. O-O Be7 8.
Re1 O-O 9. Bf4 Ne5 10. Bxd7 Nfxd7 11. Nd5 Bf6 12. c3 Ng6 13. Bg3 Re8 14. Qc2
Nb6 15. Ne3 Qd7 16. Rad1 Rad8 17. Nef5 Be5 18. Bxe5 Nxe5 19. f4 Ng6 20. Qf2 Qa4
21. b3 Qa5 22. c4 Nd7 23. Qb2 Nf6 24. Nxg7 Rxe4 25. Rxe4 Nxe4 26. Ndf5 Qc3 27.
Qxc3 Nxc3 28. Re1 Nxf4 29. Re7 Rc8 30. Re3 Kf8 31. g3 Ne6 32. Nxe6+ fxe6 33.
Rxc3 exf5 34. Rf3 Kg7 35. Rxf5 Re8 36. Kf2 Kg6 1/2-1/2

[Event "SC Hansa Dortmund 2 - SG Bochum 2"]
[Site "NRW-Klasse - Gruppe 1 2019/20"]
[Date "2020.01.12"]
[Round "5.1"]
[White "Wuebker, Paul-Luca"]
[Black "Karger, Frank"]
[Result "1/2-1/2"]
[WhiteElo "2069"]
[BlackElo "2246"]
[Annotator "Daniel"]
[PlyCount "107"]
[EventDate "2020.??.??"]
[SourceVersionDate "2020.03.16"]
[WhiteTeam "SG Bochum 2"]
[BlackTeam "SC Hansa Dortmund 2"]

1. d4 d5 2. c4 e6 3. Nc3 Nf6 4. Nf3 Be7 5. Bf4 O-O 6. e3 b6 7. cxd5 Nxd5 8.
Nxd5 Qxd5 9. a3 c5 10. Rc1 cxd4 11. Qxd4 Qa5+ 12. Qd2 Qxd2+ 13. Nxd2 Bf6 14.
Bd6 Rd8 15. Ne4 Bxb2 16. Rc2 Bb7 17. f3 Bxe4 18. fxe4 Bf6 19. e5 Bg5 20. Kf2
Nd7 21. h4 Bh6 22. Ba6 Nc5 23. Bxc5 bxc5 24. Rxc5 g6 25. Kf3 Rab8 26. Rhc1 Rb3
27. R1c3 Rxc3 28. Rxc3 Rd5 29. a4 Rxe5 30. e4 Ra5 31. Bb5 Bf8 32. Rc7 a6 33.
Ra7 Bb4 34. Rxa6 Rxa6 35. Bxa6 h5 $11 36. Bb5 Kf8 37. Be2 Ke7 38. Bc4 Kd6 39.
g4 hxg4+ 40. Kxg4 Ke5 41. Bd3 Bd2 42. h5 f5+ 43. exf5 exf5+ 44. Kh4 g5+ 45. Kg3
g4 46. Be2 Be1+ 47. Kg2 Bd2 48. Kg3 $11 Be1+ 49. Kg2 Kf6 50. h6 Kg6 51. Bd3
Kxh6 52. Bxf5 g3 53. a5 Bxa5 54. Kxg3 1/2-1/2

[Event "SC Hansa Dortmund 2 - SG Bochum 2"]
[Site "NRW-Klasse - Gruppe 1 2019/20"]
[Date "2020.01.12"]
[Round "5.2"]
[White "Sundorf, Jannik"]
[Black "Biermann, Lenhard"]
[Result "1/2-1/2"]
[WhiteElo "2135"]
[BlackElo "2024"]
[PlyCount "45"]
[EventDate "2020.??.??"]
[SourceVersionDate "2020.03.16"]
[WhiteTeam "SC Hansa Dortmund 2"]
[BlackTeam "SG Bochum 2"]

1. d4 e6 2. c4 f5 3. g3 Nf6 4. Bg2 Be7 5. Nc3 d6 6. Nf3 O-O 7. O-O Qe8 8. Re1
Qg6 9. Qc2 Nc6 10. e4 e5 11. dxe5 dxe5 12. Nd5 Bd8 13. exf5 Bxf5 14. Qb3 Ng4
15. Be3 e4 16. Nd4 Nxe3 17. Qxe3 Bg5 18. Nxf5 Qxf5 19. Bxe4 Bxe3 20. Bxf5 Bxf2+
21. Kxf2 Rxf5+ 22. Kg2 Raf8 23. Re2 1/2-1/2

[Event "SC Hansa Dortmund 2 - SG Bochum 2"]
[Site "NRW-Klasse - Gruppe 1 2019/20"]
[Date "2020.01.12"]
[Round "5.3"]
[White "Biermann, Florian"]
[Black "Schiefelbusch, Dirk"]
[Result "1-0"]
[WhiteElo "2077"]
[BlackElo "2072"]
[Annotator "Daniel"]
[PlyCount "105"]
[EventDate "2020.??.??"]
[SourceVersionDate "2020.03.16"]
[WhiteTeam "SG Bochum 2"]
[BlackTeam "SC Hansa Dortmund 2"]

1. c4 c6 2. Nf3 d5 3. g3 Nf6 4. Bg2 Bg4 5. Ne5 Be6 6. O-O Nbd7 7. cxd5 Bxd5 8.
Nf3 c5 9. Nc3 Bc6 10. Re1 e6 11. e4 e5 12. d3 g6 13. Bh3 Bg7 14. Be3 O-O $11
15. Qd2 Re8 16. Bg5 Qc7 17. Rec1 Qd6 18. Ne1 Nf8 19. Nc2 Rad8 20. Rd1 Ne6 21.
Bxe6 Qxe6 22. Ne3 Nxe4 23. Nxe4 Bxe4 24. Bxd8 Rxd8 25. dxe4 Rxd2 26. Rxd2 Bh6
27. Rd8+ Kg7 28. Nd5 Bg5 29. Rb8 Qg4 30. Nc3 Bd2 31. Rxb7 Bxc3 32. bxc3 Qxe4
33. Rxa7 h5 34. h4 Qd3 35. a4 Qxc3 36. Rd1 Qf3 37. Rdd7 c4 38. Rxf7+ Qxf7 39.
Rxf7+ Kxf7 40. Kf1 Ke6 41. Ke2 Kd5 42. Kd2 Kc5 43. Kc3 e4 44. a5 Kb5 45. a6
Kxa6 46. Kxc4 Kb6 47. Kd5 Kc7 48. Kxe4 Kd6 49. Kf4 Ke6 50. Kg5 Kf7 51. f4 Kg7
52. f5 gxf5 53. Kxf5 1-0

[Event "SC Hansa Dortmund 2 - SG Bochum 2"]
[Site "NRW-Klasse - Gruppe 1 2019/20"]
[Date "2020.01.12"]
[Round "5.4"]
[White "Burchert, Wolfgang"]
[Black "Mazarov, Juergen"]
[Result "1/2-1/2"]
[WhiteElo "1992"]
[BlackElo "2040"]
[PlyCount "32"]
[EventDate "2020.??.??"]
[SourceVersionDate "2020.03.16"]
[WhiteTeam "SC Hansa Dortmund 2"]
[BlackTeam "SG Bochum 2"]

1. e4 c5 2. Nf3 d6 3. Bb5+ Nd7 4. a4 e6 5. O-O Ngf6 6. Re1 Be7 7. c3 a6 8. Bf1
b6 9. d4 O-O 10. h3 Bb7 11. Bd3 Qc7 12. Nbd2 Rfd8 13. Nf1 Rac8 14. Qe2 cxd4 15.
cxd4 a5 16. Ng3 Bf8 1/2-1/2

[Event "SC Hansa Dortmund 2 - SG Bochum 2"]
[Site "NRW-Klasse - Gruppe 1 2019/20"]
[Date "2020.01.12"]
[Round "5.5"]
[White "Rempe, Moritz"]
[Black "Linker, Walter"]
[Result "1-0"]
[WhiteElo "1999"]
[BlackElo "2002"]
[Annotator "Daniel"]
[PlyCount "81"]
[EventDate "2020.??.??"]
[SourceVersionDate "2020.03.16"]
[WhiteTeam "SG Bochum 2"]
[BlackTeam "SC Hansa Dortmund 2"]

1. e4 e5 2. Nf3 Nc6 3. Bc4 Be7 4. Nc3 Nf6 5. d3 d6 6. h3 Na5 7. Bb3 Nxb3 8.
axb3 O-O 9. Be3 a6 10. O-O Bd7 11. d4 exd4 12. Nxd4 Qc8 13. f3 Re8 $11 14. Qd2
c5 15. Nde2 Bc6 16. Nf4 Bf8 17. Rad1 b5 18. Ncd5 Nxd5 19. Nxd5 Qb7 20. g4 a5
21. Bf4 a4 22. Rf2 axb3 23. cxb3 Ra6 24. Qc2 Rea8 25. Rfd2 Ra1 26. Kg2 Rxd1 27.
Rxd1 Ra2 28. Nc3 Ra6 29. Bxd6 Bxd6 30. Rxd6 h6 31. Qd2 Kh7 32. Qf4 c4 33. b4
Ra1 34. Qf5+ g6 35. Qc5 Be8 36. Nd5 Ra8 37. Nf6+ Kg7 38. Qd4 Kf8 39. Rd8 Rxd8
40. Qxd8 Qe7 41. Nh7+ 1-0

[Event "SC Hansa Dortmund 2 - SG Bochum 2"]
[Site "NRW-Klasse - Gruppe 1 2019/20"]
[Date "2020.01.12"]
[Round "5.6"]
[White "Krueger, Simon"]
[Black "Butschek, Marc"]
[Result "0-1"]
[WhiteElo "2010"]
[BlackElo "2023"]
[PlyCount "62"]
[EventDate "2020.??.??"]
[SourceVersionDate "2020.03.16"]
[WhiteTeam "SC Hansa Dortmund 2"]
[BlackTeam "SG Bochum 2"]

1. e4 e6 2. d4 d5 3. e5 c5 4. c3 Nc6 5. Nf3 Bd7 6. Be2 Qb6 7. O-O Nge7 8. dxc5
Qxc5 9. b4 Qb6 10. b5 Na5 11. Na3 Rc8 12. Qa4 Ng6 13. Be3 Bc5 14. Bxc5 Rxc5 15.
c4 O-O 16. Rfd1 Rfc8 17. cxd5 exd5 18. Qd4 Be6 19. h4 Nc4 20. Nxc4 dxc4 21. h5
Ne7 22. a4 h6 23. g4 c3 24. Bd3 c2 25. Rdc1 Rd8 26. Qe4 Bxg4 27. Qh7+ Kf8 28.
Nh2 Bxh5 29. Qh8+ Ng8 30. Bh7 Rxe5 31. Bxg8 Qg6+ 0-1

[Event "SC Hansa Dortmund 2 - SG Bochum 2"]
[Site "NRW-Klasse - Gruppe 1 2019/20"]
[Date "2020.01.12"]
[Round "5.7"]
[White "Zeldin, Vitali"]
[Black "Prueske, Wolfgang"]
[Result "1/2-1/2"]
[WhiteElo "1946"]
[BlackElo "1998"]
[PlyCount "35"]
[EventDate "2020.??.??"]
[SourceVersionDate "2020.03.16"]
[WhiteTeam "SG Bochum 2"]
[BlackTeam "SC Hansa Dortmund 2"]

1. e4 c6 2. d4 d5 3. e5 Bf5 4. Bd3 Bxd3 5. Qxd3 e6 6. Ne2 c5 7. c3 Nc6 8. a3 h5
9. Nd2 Nh6 10. Nf3 c4 11. Qc2 Be7 12. Ng3 h4 13. Nh5 Nf5 14. Nf4 a6 15. Nh3 Rh5
16. Nf4 Rh8 17. Nh3 Rh5 18. Nf4 1/2-1/2